[Event "Rochefort op-B 16th"]
[Site "Rochefort"]
[Date "2017.02.18"]
[Round "1"]
[White "Dalmard, Alban"]
[Black "Lepretre, Jean Marc"]
[Result "1/2-1/2"]
[WhiteElo "1461"]
[BlackElo "1775"]
[PlyCount "60"]
[EventDate "2017.02.18"]
[EventType "swiss"]
[EventRounds "9"]
[EventCountry "FRA"]
[SourceTitle "CBM 177 Extra"]
[Source "ChessBase"]
[SourceDate "2017.04.27"]
[SourceVersion "1"]
[SourceVersionDate "2017.04.27"]
[SourceQuality "1"]

1. e4 e6 2. d4 d5 3. e5 c5 4. c3 Nc6 5. Nf3 Qb6 6. a3 Bd7 7. b4 cxd4 8. cxd4 Rc8 9. Be2 Nge7 10. 0-0 Nf5 11. Bb2 Be7 12. Qd3 Na5 13. Nbd2 Nc4 14. Nxc4 dxc4 15. Qc3 Qc6 16. a4 b5 17. axb5 Qxb5 18. Rxa7 Bxb4 19. Qc2 Qb6 20. Raa1 c3 21. Ra6 Qb7 22. Ba3 Bb5 23. Bxb5+ Qxb5 24. Ra7 Qb6 25. Ra4 Bxa3 26. Rxa3 Qb4 27. Rb3 Qc4 28. Rc1 Nxd4 29. Nxd4 Qxd4 30. Rxc3 Rxc3 1/2-1/2